[Event "GER-ch U25-A"]
[Site "Willingen"]
[Date "2019.06.09"]
[Round "1"]
[White "Hagenbeck Huebert, Lara"]
[Black "Leser, Katrin"]
[Result "1/2-1/2"]
[WhiteElo "1861"]
[BlackElo "2036"]
[PlyCount "65"]
[EventDate "2019.06.08"]
[EventType "swiss"]
[EventRounds "9"]
[EventCountry "GER"]
[SourceTitle "CBM 191 Extra"]
[Source "ChessBase"]
[SourceDate "2019.09.30"]
[SourceVersion "1"]
[SourceVersionDate "2019.09.30"]
[SourceQuality "1"]

1. d4 Nf6 2. Bf4 d5 3. Nf3 e6 4. e3 c5 5. c3 Nc6 6. Nbd2 Bd6 7. Bg3 0-0 8. Bd3 b6 9. 0-0 Bb7 10. Bh4 Be7 11. Ne5 Nxe5 12. dxe5 Ne4 13. Bxe7 Qxe7 14. f4 Rad8 15. Qc2 Nxd2 16. Qxd2 f6 17. Qc2 f5 18. Rad1 c4 19. Be2 Bc6 20. Bf3 b5 21. Qd2 a5 22. Qd4 Rb8 23. Rb1 Rb7 24. b4 Ra8 25. a3 Rba7 26. Rf2 axb4 27. axb4 Ra3 28. g4 Qf7 29. g5 Qb7 30. h4 g6 31. h5 Qa6 32. h6 Qa7 33. Rc1 1/2-1/2

[Event "BL2 Sued 1819 (Women)"]
[Site "Germany"]
[Date "2019.01.12"]
[Round "6.4"]
[White "Frank, Tena"]
[Black "Leser, Katrin"]
[Result "1-0"]
[WhiteElo "1943"]
[BlackElo "2006"]
[PlyCount "71"]
[EventDate "2018.10.27"]
[EventType "team-tourn"]
[EventRounds "7"]
[EventCountry "GER"]
[SourceTitle "CBM 190 Extra"]
[Source "ChessBase"]
[SourceDate "2019.07.15"]
[SourceVersion "1"]
[SourceVersionDate "2019.07.15"]
[SourceQuality "1"]
[WhiteTeam "Freiburg Zaehringen (W)"]
[BlackTeam "Stuttgart Wolfbusch (W)"]
[WhiteTeamCountry "GER"]
[BlackTeamCountry "GER"]

1. d4 Nf6 2. c4 e6 3. Nc3 d5 4. cxd5 exd5 5. Bg5 Be7 6. Qc2 c6 7. e3 Nbd7 8. Bd3 Nh5 9. Bxe7 Qxe7 10. Nge2 g6 11. 0-0-0 Nb6 12. Rhe1 Ng7 13. Ng3 Be6 14. Kb1 0-0-0 15. Na4 Nxa4 16. Qxa4 Kb8 17. Rc1 h5 18. Rc3 h4 19. Ne2 Bf5 20. Rec1 Bxd3+ 21. Rxd3 Qe4 22. Rcc3 Qxg2 23. Ra3 Qh1+ 24. Rd1 Qxh2 25. Qxa7+ Kc8 26. Nf4 Nf5 27. Rc1 g5 28. Qa8+ Kc7 29. Nxd5+ Rxd5 30. Qxh8 Qxf2 31. e4 Rb5 32. d5 Nd4 33. b3 Qf4 34. Qxd4 h3 35. dxc6 bxc6 36. Ra7+ 1-0

[Event "Staufer op 31st"]
[Site "Schwaebisch Gmuend"]
[Date "2019.01.05"]
[Round "8"]
[White "Jurek, Josef"]
[Black "Leser, Katrin"]
[Result "1/2-1/2"]
[WhiteElo "2273"]
[BlackElo "2006"]
[PlyCount "69"]
[EventDate "2019.01.02"]
[EventType "swiss"]
[EventRounds "9"]
[EventCountry "GER"]
[SourceTitle "CBM 188 Extra"]
[Source "ChessBase"]
[SourceDate "2019.02.26"]
[SourceVersion "1"]
[SourceVersionDate "2019.02.26"]
[SourceQuality "1"]

1. Nf3 d5 2. d4 Nf6 3. c4 e6 4. g3 Be7 5. Bg2 0-0 6. 0-0 dxc4 7. Qc2 b6 8. Bg5 Nd5 9. Bxe7 Qxe7 10. Na3 c3 11. e4 cxb2 12. Qxb2 Nf6 13. Rfe1 Bb7 14. Ne5 Nbd7 15. Nac4 Nxe5 16. Nxe5 Rfd8 17. Rac1 c5 18. dxc5 bxc5 19. Qa3 Rdc8 20. Nc4 e5 21. Qc3 Re8 22. Rcd1 Rad8 23. Rxd8 Qxd8 24. Na5 Ba8 25. Nb3 Qe7 26. f3 Rc8 27. Bf1 Nd7 28. Rc1 Bb7 29. Na5 Rc7 30. Nc4 h6 31. Qa5 Nf8 32. Qc3 f6 33. Ne3 Ne6 34. Bc4 Kh7 35. Nf5 1/2-1/2

[Event "Youth District Germany"]
[Site "Wuerzburg"]
[Date "2018.10.07"]
[Round "7.5"]
[White "Leser, Katrin"]
[Black "Doll, Rebecca"]
[Result "1-0"]
[WhiteElo "2018"]
[BlackElo "1716"]
[PlyCount "113"]
[EventDate "2018.10.02"]
[EventType "team-swiss"]
[EventRounds "7"]
[EventCountry "GER"]
[SourceTitle "CBM 186 Extra"]
[Source "ChessBase"]
[SourceDate "2018.08.24"]
[SourceVersion "1"]
[SourceVersionDate "2018.08.24"]
[SourceQuality "1"]
[WhiteTeam "Wuerttemberg U20"]
[BlackTeam "Baden U20 II"]
[WhiteTeamCountry "GER"]
[BlackTeamCountry "GER"]

1. e4 e5 2. Nf3 Nc6 3. Bb5 a6 4. Ba4 d6 5. c3 Bd7 6. d4 Nge7 7. 0-0 Ng6 8. d5 Nb8 9. Bxd7+ Nxd7 10. c4 a5 11. Nc3 Be7 12. Be3 h6 13. Qd2 0-0 14. a3 f5 15. exf5 Rxf5 16. Qc2 Qf8 17. Nd2 Qf7 18. Nde4 Rf8 19. Ng3 Rf4 20. Nb5 Bd8 21. b4 a4 22. Bxf4 exf4 23. Nd4 fxg3 24. fxg3 Bf6 25. Ne6 Re8 26. Qxa4 Qe7 27. Rad1 Nb6 28. Qb3 Ne5 29. Rc1 c6 30. Nf4 Ng4 31. Qf3 Qd7 32. h3 Ne3 33. dxc6 bxc6 34. Rfe1 Nexc4 35. Qh5 Bd4+ 36. Kh2 Re7 37. Ng6 Rf7 38. Re4 c5 39. Rce1 Ne5 40. bxc5 Bxc5 41. Nxe5 dxe5 42. Qxe5 Rf5 43. Qb8+ Rf8 44. Re8 Nc8 45. Rxf8+ Bxf8 46. Rc1 Ne7 47. Rf1 Qc8 48. Qb3+ Kh7 49. a4 Nc6 50. Qc2+ Kg8 51. Rc1 Qa6 52. Qxc6 Qa5 53. Rd1 Qb4 54. Qb5 Qc3 55. a5 Qc2 56. Qd5+ Kh7 57. Qd3+ 1-0

[Event "Youth District Germany"]
[Site "Wuerzburg"]
[Date "2018.10.03"]
[Round "1.5"]
[White "Leser, Katrin"]
[Black "Zell, Mirjam"]
[Result "1-0"]
[WhiteElo "2018"]
[BlackElo "1797"]
[PlyCount "65"]
[EventDate "2018.10.02"]
[EventType "team-swiss"]
[EventRounds "7"]
[EventCountry "GER"]
[SourceTitle "CBM 186 Extra"]
[Source "ChessBase"]
[SourceDate "2018.08.24"]
[SourceVersion "1"]
[SourceVersionDate "2018.08.24"]
[SourceQuality "1"]
[WhiteTeam "Wuerttemberg U20"]
[BlackTeam "Wuerttemberg U20 II"]
[WhiteTeamCountry "GER"]
[BlackTeamCountry "GER"]

1. e4 e5 2. Nf3 Nc6 3. Bb5 a6 4. Ba4 Nf6 5. 0-0 d6 6. Re1 Be7 7. c3 b5 8. Bc2 0-0 9. h3 Re8 10. d4 Bf8 11. Nbd2 g6 12. a4 Bb7 13. d5 Ne7 14. b4 c6 15. dxc6 Nxc6 16. Qe2 Qb6 17. Bd3 bxa4 18. Rxa4 d5 19. exd5 Nxd5 20. Ne4 Bg7 21. Bc4 Nf6 22. Nd6 Re7 23. Nxf7 Rxf7 24. Bxf7+ Kxf7 25. Qc4+ Kf8 26. Ng5 Nd8 27. Rd1 Nd5 28. Rxd5 Bxd5 29. Qxd5 Qc6 30. Nxh7+ Ke8 31. Qg8+ Kd7 32. Qxg7+ Kc8 33. Ra5 1-0

[Event "GER-chT Federal Cup (Women)"]
[Site "Braunfels"]
[Date "2018.06.02"]
[Round "4.1"]
[White "Wilke, Tabea"]
[Black "Leser, Katrin"]
[Result "1/2-1/2"]
[WhiteElo "1773"]
[BlackElo "1826"]
[PlyCount "80"]
[EventDate "2018.05.31"]
[EventType "team-swiss"]
[EventRounds "5"]
[EventCountry "GER"]
[SourceTitle "EXT 2020"]
[Source "ChessBase"]
[SourceDate "2019.10.17"]
[SourceVersion "1"]
[SourceVersionDate "2019.10.17"]
[SourceQuality "1"]
[WhiteTeam "Hessen (W) II"]
[BlackTeam "Wuerttemberg (W) II"]
[WhiteTeamCountry "GER"]
[BlackTeamCountry "GER"]

1. e4 e6 2. d3 d5 3. Nd2 c5 4. Ngf3 g6 5. g3 Bg7 6. Bg2 Nf6 7. 0-0 0-0 8. Re1 Nc6 9. c3 b6 10. exd5 exd5 11. d4 cxd4 12. cxd4 a5 13. Nf1 Ba6 14. Ne3 Re8 15. a3 Bb7 16. b3 h5 17. Bb2 Bh6 18. Ne5 Rc8 19. Qd3 Bg7 20. Rac1 Ne7 21. Rc2 Rxc2 22. Qxc2 Qd6 23. Rc1 Rc8 24. Qd3 Rxc1+ 25. Bxc1 Ne4 26. Bb2 f6 27. Nf3 Qc6 28. Nd2 Nxd2 29. Qxd2 a4 30. Qb4 Kf7 31. bxa4 Bh6 32. Nc4 Nc8 33. Ne3 Bxe3 34. fxe3 Nd6 35. Qb3 Nc4 36. Bc1 Na5 37. Qd1 Nc4 38. Qb3 Na5 39. Qd1 Nc4 40. Qb3 Na5 1/2-1/2

[Event "BL2 Sued 1718 (Women)"]
[Site "Germany"]
[Date "2018.01.28"]
[Round "5.3"]
[White "Leser, Katrin"]
[Black "Mueller, Manon"]
[Result "1/2-1/2"]
[WhiteElo "1893"]
[BlackElo "1775"]
[PlyCount "42"]
[EventDate "2017.10.14"]
[EventType "team-tourn"]
[EventRounds "7"]
[EventCountry "GER"]
[SourceTitle "EXT 2019"]
[Source "ChessBase"]
[SourceDate "2018.10.10"]
[SourceVersion "1"]
[SourceVersionDate "2018.10.10"]
[SourceQuality "1"]
[WhiteTeam "Stuttgart Wolfbusch (W)"]
[BlackTeam "Gernsheim (W)"]
[WhiteTeamCountry "GER"]
[BlackTeamCountry "GER"]

1. e4 c5 2. Nf3 Nc6 3. d4 cxd4 4. Nxd4 g6 5. c4 Bg7 6. Be3 Nf6 7. Nc3 0-0 8. Be2 Nxd4 9. Bxd4 d6 10. 0-0 Bd7 11. f3 Bc6 12. Nd5 Bxd5 13. exd5 Nd7 14. Bxg7 Kxg7 15. Qd4+ Kg8 16. Rac1 Qb6 17. Rfd1 Qxd4+ 18. Rxd4 a5 19. a4 Nc5 20. Bd1 Ra6 21. Rc3 Rb6 1/2-1/2

[Event "BL2 Sued 1718 (Women)"]
[Site "Germany"]
[Date "2018.01.27"]
[Round "4.3"]
[White "Liez, Franziska"]
[Black "Leser, Katrin"]
[Result "1/2-1/2"]
[WhiteElo "1847"]
[BlackElo "1893"]
[PlyCount "66"]
[EventDate "2017.10.14"]
[EventType "team-tourn"]
[EventRounds "7"]
[EventCountry "GER"]
[SourceTitle "EXT 2019"]
[Source "ChessBase"]
[SourceDate "2018.10.10"]
[SourceVersion "1"]
[SourceVersionDate "2018.10.10"]
[SourceQuality "1"]
[WhiteTeam "Langen (W)"]
[BlackTeam "Stuttgart Wolfbusch (W)"]
[WhiteTeamCountry "GER"]
[BlackTeamCountry "GER"]

1. e4 e6 2. d4 d5 3. exd5 exd5 4. Bd3 Bd6 5. Nf3 Nc6 6. c3 Nge7 7. Qc2 Bg4 8. Nbd2 Qd7 9. 0-0 0-0-0 10. b4 Bf5 11. a4 Bxd3 12. Qxd3 Ng6 13. Nb3 Qg4 14. h3 Nf4 15. hxg4 Nxd3 16. Ba3 Nf4 17. Rfe1 Rde8 18. b5 Rxe1+ 19. Nxe1 Bxa3 20. Rxa3 Nd8 21. Kf1 h5 22. gxh5 Rxh5 23. f3 f6 24. Nc5 g5 25. Kf2 Nde6 26. Nxe6 Nxe6 27. Nd3 Kd7 28. Ra1 Kd6 29. Rb1 Rh7 30. Ke3 Re7 31. Kf2 Rh7 32. Ke3 Rh2 33. Kf2 Rh7 1/2-1/2

[Event "GER-chT Lands U20"]
[Site "Hannover"]
[Date "2017.09.30"]
[Round "1.4"]
[White "Leser, Katrin"]
[Black "Jeschke, Jan"]
[Result "1-0"]
[WhiteElo "1847"]
[BlackElo "1452"]
[PlyCount "67"]
[EventDate "2017.09.29"]
[EventType "team-swiss"]
[EventRounds "7"]
[EventCountry "GER"]
[SourceTitle "EXT 2018"]
[Source "ChessBase"]
[SourceDate "2017.10.13"]
[SourceVersion "1"]
[SourceVersionDate "2017.10.13"]
[SourceQuality "1"]
[WhiteTeam "Wuerttemberg U20"]
[BlackTeam "Saarland U20"]
[WhiteTeamCountry "GER"]
[BlackTeamCountry "GER"]

1. e4 e6 2. d4 d5 3. Nc3 Bb4 4. e5 c5 5. a3 Bxc3+ 6. bxc3 Ne7 7. Nf3 Nbc6 8. h4 Bd7 9. h5 h6 10. Bd3 Qa5 11. Bd2 c4 12. Be2 0-0-0 13. 0-0 Kc7 14. Nh4 Nf5 15. Nxf5 exf5 16. Bf4 Kc8 17. Qd2 Rde8 18. Rfb1 Nd8 19. Rb4 Ne6 20. Bh2 Bc6 21. Qe3 Rhf8 22. Qh3 f6 23. exf6 Rxf6 24. Be5 Ng5 25. Qg3 Rfe6 26. f4 Ne4 27. Qxg7 Nxc3 28. Bf3 R8e7 29. Qf8+ Kd7 30. Qxf5 Nb5 31. Qh3 Nxa3 32. c3 Qd8 33. Rxa3 Qg8 34. Bg4 1-0

[Event "BL2 Sued 1617 (Women)"]
[Site "Germany"]
[Date "2017.02.12"]
[Round "5.2"]
[White "Leser, Katrin"]
[Black "Skibbe, Diana"]
[Result "1-0"]
[WhiteElo "1937"]
[BlackElo "2061"]
[PlyCount "135"]
[EventDate "2016.10.22"]
[EventType "team-tourn"]
[EventRounds "7"]
[EventCountry "GER"]
[SourceTitle "EXT 2018"]
[Source "ChessBase"]
[SourceDate "2017.10.13"]
[SourceVersion "1"]
[SourceVersionDate "2017.10.13"]
[SourceQuality "1"]
[WhiteTeam "Stuttgart Wolfbusch (W)"]
[BlackTeam "Zeulenroda (W)"]
[WhiteTeamCountry "GER"]
[BlackTeamCountry "GER"]

1. e4 e5 2. Nf3 Nc6 3. Bb5 a6 4. Ba4 Nf6 5. 0-0 b5 6. Bb3 Bc5 7. c3 d6 8. h3 Bb6 9. Re1 0-0 10. d4 h6 11. Be3 Rb8 12. Nbd2 Qe7 13. d5 Bxe3 14. Rxe3 Na5 15. Bc2 c5 16. b4 Nb7 17. c4 cxb4 18. cxb5 Nc5 19. bxa6 Bxa6 20. Nb3 Nfd7 21. Na5 Rb6 22. Nc6 Qf6 23. Rb1 Bc4 24. Nxb4 Ra8 25. a4 Nf8 26. Nc6 Rxb1 27. Qxb1 Ng6 28. Qb4 Ba6 29. g3 Kh7 30. Nd2 Qg5 31. Bd1 Nf4 32. h4 Qg6 33. Nxe5 dxe5 34. Qxc5 Rc8 35. Qa3 Nh3+ 36. Kg2 Nf4+ 37. Kh2 Qf6 38. gxf4 Qxh4+ 39. Kg2 exf4 40. Rh3 f3+ 41. Nxf3 Qxe4 42. d6 Qc4 43. d7 Qg4+ 44. Rg3 Qxd7 45. Qb2 g6 46. Bc2 Qc6 47. Bb1 Re8 48. Qb3 Bc4 49. Qa3 Qd5 50. Qb4 Re6 51. Rg4 Be2 52. Be4 Qd1 53. Qb7 Kg7 54. Rf4 Rf6 55. Qb2 Bf1+ 56. Kg3 Qd6 57. Qxf6+ Qxf6 58. Rxf6 Kxf6 59. Bc6 Ba6 60. Bb5 Bb7 61. a5 Ke7 62. a6 Bd5 63. Ne5 Kd6 64. Ng4 Kc5 65. Be2 Kb6 66. Nxh6 Be6 67. Kf4 Bc8 68. Nxf7 1-0

[Event "GER-chT Lands U20"]
[Site "Hannover"]
[Date "2016.10.05"]
[Round "7.4"]
[White "Leser, Katrin"]
[Black "Leeb, Simon"]
[Result "0-1"]
[WhiteElo "2001"]
[BlackElo "2101"]
[PlyCount "56"]
[EventDate "2016.10.01"]
[EventType "team-swiss"]
[EventRounds "7"]
[EventCountry "GER"]
[SourceTitle "CBM 174 Extra"]
[Source "ChessBase"]
[SourceDate "2016.10.10"]
[SourceVersion "1"]
[SourceVersionDate "2016.10.10"]
[SourceQuality "1"]
[WhiteTeam "Wuerttemberg"]
[BlackTeam "Bayern"]
[WhiteTeamCountry "GER"]
[BlackTeamCountry "GER"]

1. e4 c5 2. Nf3 d6 3. d4 cxd4 4. Nxd4 Nf6 5. Nc3 g6 6. Be3 Bg7 7. f3 a6 8. Qd2 Nbd7 9. 0-0-0 b5 10. Bh6 Bxh6 11. Qxh6 Bb7 12. Be2 Qa5 13. Nb3 Qc7 14. Rhe1 Rc8 15. Bd3 Ne5 16. Qd2 0-0 17. Kb1 b4 18. Ne2 a5 19. Nbd4 d5 20. exd5 Nxd5 21. Nb5 Qb8 22. c3 Rfd8 23. Qg5 Nxc3+ 24. Nbxc3 Nxd3 25. Rxd3 Rxd3 26. Nd1 Qd6 27. Nf2 Rd2 28. Qb5 Ba6 0-1

[Event "GER-chT Lands U20"]
[Site "Hannover"]
[Date "2016.10.04"]
[Round "6.4"]
[White "Colbow, Collin"]
[Black "Leser, Katrin"]
[Result "1/2-1/2"]
[WhiteElo "1803"]
[BlackElo "2001"]
[PlyCount "30"]
[EventDate "2016.10.01"]
[EventType "team-swiss"]
[EventRounds "7"]
[EventCountry "GER"]
[SourceTitle "CBM 174 Extra"]
[Source "ChessBase"]
[SourceDate "2016.10.10"]
[SourceVersion "1"]
[SourceVersionDate "2016.10.10"]
[SourceQuality "1"]
[WhiteTeam "Bremen & Friends"]
[BlackTeam "Wuerttemberg"]
[WhiteTeamCountry "GER"]
[BlackTeamCountry "GER"]

1. e4 e6 2. d4 d5 3. Nd2 Nf6 4. e5 Nfd7 5. Bd3 c5 6. c3 Nc6 7. Ne2 cxd4 8. cxd4 f6 9. exf6 Nxf6 10. Nf3 Bd6 11. 0-0 Qc7 12. Bg5 0-0 13. Bh4 Nh5 14. Qc2 g6 15. Bxg6 Nf4 1/2-1/2

[Event "GER-chT Lands U20"]
[Site "Hannover"]
[Date "2016.10.03"]
[Round "4.4"]
[White "Leser, Katrin"]
[Black "Nguyen, Alex Dac Vuong"]
[Result "1/2-1/2"]
[WhiteElo "2001"]
[BlackElo "2095"]
[PlyCount "112"]
[EventDate "2016.10.01"]
[EventType "team-swiss"]
[EventRounds "7"]
[EventCountry "GER"]
[SourceTitle "CBM 174 Extra"]
[Source "ChessBase"]
[SourceDate "2016.10.10"]
[SourceVersion "1"]
[SourceVersionDate "2016.10.10"]
[SourceQuality "1"]
[WhiteTeam "Wuerttemberg"]
[BlackTeam "Sachsen"]
[WhiteTeamCountry "GER"]
[BlackTeamCountry "GER"]

1. e4 e6 2. b3 d5 3. Bb2 dxe4 4. Nc3 Nf6 5. Qe2 Be7 6. 0-0-0 b6 7. g4 Bb7 8. Bg2 0-0 9. g5 Nd5 10. Bxe4 Nxc3 11. Bxc3 Bxe4 12. Qxe4 Qd5 13. Qxd5 exd5 14. Nf3 Nc6 15. Ne5 Nxe5 16. Bxe5 c6 17. h4 f6 18. gxf6 Bxf6 19. f4 d4 20. Rhf1 Bxe5 21. fxe5 Rae8 22. Rxf8+ Kxf8 23. Rf1+ Ke7 24. h5 Rg8 25. Rg1 g6 26. Rg5 Kf7 27. hxg6+ hxg6 28. Kd1 Rh8 29. Ke2 Rh5 30. e6+ Kf6 31. Rg4 Re5+ 32. Kf3 c5 33. Rh4 Rxe6 34. Rh8 Re7 35. a4 g5 36. Rc8 a5 37. Rf8+ Rf7 38. Rb8 Ke5+ 39. Kg3 Rf6 40. Rg8 Kf5 41. Rb8 Re6 42. Rf8+ Kg6 43. Rb8 Kf7 44. Rb7+ Ke8 45. Kf2 d3 46. cxd3 Rd6 47. Ke3 g4 48. d4 cxd4+ 49. Kf4 d3 50. Kg3 Re6 51. Rg7 Re2 52. Rxg4 Rxd2 53. Rd4 Rd1 54. Kf2 d2 55. Ke2 Rb1 56. Kxd2 Rxb3 1/2-1/2

[Event "EU-ch U16 Girls 26th"]
[Site "Prague"]
[Date "2016.08.25"]
[Round "7"]
[White "Leser, Katrin"]
[Black "Sliwicka, Alicja"]
[Result "1/2-1/2"]
[WhiteElo "1979"]
[BlackElo "2138"]
[PlyCount "106"]
[EventDate "2016.08.18"]
[EventType "swiss"]
[EventRounds "9"]
[EventCountry "CZE"]
[SourceTitle "CBM 174 Extra"]
[Source "ChessBase"]
[SourceDate "2016.10.10"]
[SourceVersion "1"]
[SourceVersionDate "2016.10.10"]
[SourceQuality "1"]

1. e4 e5 2. Nf3 Nc6 3. Bb5 a6 4. Ba4 Nf6 5. 0-0 Be7 6. Re1 b5 7. Bb3 d6 8. c3 0-0 9. h3 Nb8 10. d4 Nbd7 11. Nbd2 Bb7 12. Bc2 Re8 13. Nf1 Bf8 14. Ng3 g6 15. b3 c5 16. d5 Nb6 17. Be3 Nfd7 18. Nd2 h5 19. Qe2 Bg7 20. Reb1 Rf8 21. a4 h4 22. Ngf1 f5 23. a5 Nc8 24. Nf3 f4 25. Bd2 Qf6 26. N1h2 g5 27. Ng4 Qg6 28. Be1 Ne7 29. Rd1 Kf7 30. Bd3 Ke8 31. Nfh2 Ng8 32. f3 Bc8 33. Bd2 Ngf6 34. Nxf6+ Nxf6 35. Be1 Nh5 36. b4 c4 37. Bc2 Bf6 38. Bf2 Bd8 39. Qd2 Ng3 40. Re1 Rb8 41. Bd1 Rb7 42. Qc2 Rh7 43. Ra2 Qg7 44. Rb2 Bc7 45. Ra2 Bb8 46. Bb6 Qb7 47. Bf2 Bd7 48. Rb2 Qc8 49. Ng4 Rhf7 50. Ra2 Nh5 51. Kh2 Bxg4 52. fxg4 Ng3 53. Bf3 Qb7 1/2-1/2

[Event "EU-ch U16 Girls 26th"]
[Site "Prague"]
[Date "2016.08.24"]
[Round "6"]
[White "Protopopova, Anastasiya"]
[Black "Leser, Katrin"]
[Result "0-1"]
[WhiteElo "2108"]
[BlackElo "1979"]
[PlyCount "110"]
[EventDate "2016.08.18"]
[EventType "swiss"]
[EventRounds "9"]
[EventCountry "CZE"]
[SourceTitle "CBM 174 Extra"]
[Source "ChessBase"]
[SourceDate "2016.10.10"]
[SourceVersion "1"]
[SourceVersionDate "2016.10.10"]
[SourceQuality "1"]

1. d4 d5 2. Nf3 Nf6 3. c4 e6 4. g3 Be7 5. Bg2 0-0 6. 0-0 dxc4 7. Qc2 a6 8. a4 Bd7 9. Qxc4 Bc6 10. Bf4 Nd5 11. Bd2 b5 12. Qc1 Nb6 13. a5 Nc4 14. Bc3 Bd5 15. Qc2 Nd7 16. e4 Bb7 17. e5 c5 18. b3 cxd4 19. Ng5 Bxg5 20. Bxb7 dxc3 21. Bxa8 Qxa8 22. bxc4 Nxe5 23. f4 Nf3+ 24. Rxf3 Qxf3 25. fxg5 b4 26. Nxc3 bxc3 27. Rd1 Qe3+ 28. Kg2 Rc8 29. Qd3 Qxg5 30. Qxc3 h6 31. Rc1 Rc5 32. Ra1 Qg4 33. Rc1 Qf5 34. Qf3 Qe5 35. Rf1 f6 36. Qa8+ Kh7 37. Qxa6 Rxa5 38. Qb6 Qe4+ 39. Kg1 Ra4 40. c5 Qe3+ 41. Rf2 f5 42. Kg2 Qe4+ 43. Kh3 Ra1 44. Qb2 Rg1 45. Qe2 Qd5 46. Qc2 g5 47. Qd2 Qc6 48. Qd8 Qxc5 49. Rd2 Kg6 50. Rd7 f4 51. Qg8+ Kf5 52. Rf7+ Ke4 53. Qa8+ Ke3 54. Rf6 g4+ 55. Kxg4 Qg5+ 0-1

[Event "World ol U16"]
[Site "Poprad"]
[Date "2016.07.28"]
[Round "8.4"]
[White "Leser, Katrin"]
[Black "Dolansky, Lukas"]
[Result "1-0"]
[WhiteElo "2025"]
[BlackElo "2102"]
[PlyCount "77"]
[EventDate "2016.07.22"]
[EventType "team-swiss"]
[EventRounds "9"]
[EventCountry "SVK"]
[SourceTitle "EXT 2017"]
[Source "ChessBase"]
[SourceDate "2016.10.25"]
[SourceVersion "1"]
[SourceVersionDate "2016.10.25"]
[SourceQuality "1"]
[WhiteTeam "Germany III"]
[BlackTeam "Czech Republic"]
[WhiteTeamCountry "GER"]
[BlackTeamCountry "CZE"]

1. e4 e5 2. Nf3 Nc6 3. d4 exd4 4. Nxd4 Bc5 5. Nb3 Bb6 6. Nc3 Nf6 7. Qe2 0-0 8. Bg5 h6 9. Bh4 Re8 10. 0-0-0 d6 11. Nd5 g5 12. Nxf6+ Qxf6 13. Bg3 a5 14. a4 Be6 15. h4 Bxb3 16. cxb3 Nd4 17. Qd3 g4 18. Re1 Ne6 19. Qd1 h5 20. Bc4 Bd4 21. Qd2 Kg7 22. Kb1 Be5 23. Bxe5 dxe5 24. f3 g3 25. Rh3 Qg6 26. Bxe6 Rxe6 27. Rc1 c6 28. Qe1 Kh7 29. Rxg3 Qh6 30. Rd1 Re7 31. Rg5 f6 32. Rf5 Rg8 33. Rd6 Rf7 34. Qe2 Qf8 35. Rxh5+ Kg6 36. f4 Rfg7 37. f5+ Kf7 38. Qc4+ Ke8 39. Qd3 1-0

[Event "GER-ch U16 Girls"]
[Site "Willingen"]
[Date "2016.05.21"]
[Round "9"]
[White "Simon, Tessa"]
[Black "Leser, Katrin"]
[Result "0-1"]
[WhiteElo "1848"]
[BlackElo "1862"]
[PlyCount "80"]
[EventDate "2016.05.15"]
[EventType "swiss"]
[EventRounds "9"]
[EventCountry "GER"]
[SourceTitle "CBM 172 Extra"]
[Source "ChessBase"]
[SourceDate "2016.06.21"]
[SourceVersion "1"]
[SourceVersionDate "2016.06.21"]
[SourceQuality "1"]

1. e4 e6 2. d4 d5 3. Nc3 Nf6 4. Bg5 dxe4 5. Nxe4 Be7 6. Bxf6 gxf6 7. Nf3 a6 8. Qe2 b5 9. 0-0-0 f5 10. Nc3 Qd6 11. Ne5 Nd7 12. Rg1 Nxe5 13. dxe5 Qb6 14. Qd2 b4 15. Nb1 Qa5 16. a3 Qxe5 17. axb4 Qxh2 18. Qc3 0-0 19. Bd3 Qf4+ 20. Nd2 Qxb4 21. Qxc7 Bd6 22. Qc4 Rb8 23. Qxb4 Rxb4 24. Nc4 Bc5 25. g4 f6 26. gxf5+ Kf7 27. Rh1 Rh8 28. c3 Rb7 29. b4 Bf8 30. Na5 Rc7 31. fxe6+ Bxe6 32. Kb2 h6 33. Bxa6 Bg7 34. Rd3 Rb8 35. Re1 f5 36. Rde3 Rxb4+ 37. Kc2 Rb6 38. Rxe6 Rxe6 39. Bc4 Rxc4 40. Rxe6 Rxc3+ 0-1